Loading...
Professional JSP/ 2nd Ed.
| Main Author: | |
|---|---|
| Format: | Printed Book |
| Language: | English |
| Published: |
Mumbai:
Shroff publishers
2002
|
| LEADER | 00521nam a22001457a 4500 | ||
|---|---|---|---|
| 008 | 091006t xxu||||| |||| 00| 0 eng d | ||
| 020 | |a 9 788173 661822 | ||
| 082 | |a 004.43J |b PRO | ||
| 100 | |a Brown, Simon |9 5540 | ||
| 245 | |a Professional JSP/ 2nd Ed. |c Simon Brown; Robert Burdick | ||
| 260 | |a Mumbai: |b Shroff publishers |c 2002 | ||
| 300 | |a xxiii, 1194p. | ||
| 942 | |2 ddc |c BK |6 _ | ||
| 999 | |c 85767 |d 85767 | ||
| 952 | |0 0 |1 0 |2 ddc |4 0 |6 00443J_PRO |7 0 |9 107535 |a DCA |b DCA |d 2009-10-06 |l 2 |o 004.43J PRO |p CA003210 |r 2012-12-10 |s 2012-12-10 |w 2009-10-06 |y BK | ||